| 000 | 00758nam a2200241 a 4500 | ||
|---|---|---|---|
| 001 | 73485 | ||
| 003 | BD-RjUL | ||
| 005 | 20211209082413.0 | ||
| 008 | 170601s1970 E a|||| |||| 001 0 eng d | ||
| 035 | _a(BD-RjUL) 73703 | ||
| 040 |
_aBD-RjUL _beng _cBD-RjUL _dBD-RjUL |
||
| 041 | _aeng | ||
| 082 |
_223 _a338.13 _bJOE 1970 |
||
| 100 |
_aJohl, S.S. _9217421 |
||
| 245 |
_aEssentials of Farm Financial Management / _cS.S.Johl & Charles V Moore |
||
| 260 |
_aNew Delhi : _b Today and tomorrow's printers and Publishers, _c1970. |
||
| 300 |
_ax, 152 p. : _bill. ; _c22 cm. |
||
| 500 | _aIncludes Index. | ||
| 650 |
_aAgricultural credit _9231581 |
||
| 650 |
_aAgriculture _v Economic aspects. _9231582 |
||
| 700 |
_aMoore, Charles V _9231584 |
||
| 942 |
_2ddc _cBK |
||
| 999 |
_c73485 _d73485 |
||